• 首页
  • 本馆介绍
  • 公告通知
  • 最新文献
  • 馆藏检索
  • 电子资源
  • 读者导购
  • 参考咨询
  • 我的图书馆
  • 登录
  • 详细信息显示
  • 放入我的书架
  • 预约/预借图书
  • 作者相关作品
  • 分类相关作品
  • 丛书相关作品
  • 出版社相关作品

书目信息

  • 表格格式
  • 工作单格式
  • 卡片格式
题名:
环境生态学
    
 
作者: 金岚 编
分册:  
出版信息: 北京   高等教育出版社  1992.5
页数: 334页
开本: 26cm
丛书名:
单 册:
中图分类: X17
科图分类: 58.181
主题词: 环境生态学--高等学校--教材
电子资源:
ISBN: 7-04-003794-7
000 00861nam0 2200265 45
001 0192021483
005 20070703082537.01
010    @a7-04-003794-7@dCNY17.10
100    @a19921030d1992 em y0chiy0121 ea
101 0  @achi
102    @aCN@b110000
105    @ay z 000yy
200 10 @a环境生态学@AHUAN JING SHENG TAI XUE@f金 岚等编@FJIN LAN DENG BIAN
210    @a北京@c高等教育出版社@d1992.5@h2001
215    @a334页@d26cm
300    @a高等学校试用教材
314    @a金 岚,教授
330    @a本书介绍了当前人类所面临的重大环境问题,以及环境生态学的研究对象、内容及目的,环境污染的生态对策、生态评价及大自然保护等问题。
540 1  @a环境 生态学@AHUAN JING SHENG TAI XUE
606    @a环境生态学@x高等学校@x教材
690    @aX17@v三版
692    @a58.181
701  0 @a金岚@AJIN LAN@4编
801  0 @aCN@bTSSF@c20070703
905    @a10447@dX17@e119
    
    环境生态学/金 岚等编.-北京:高等教育出版社,1992.5(2001)
    334页;26cm
    高等学校试用教材
    
    ISBN 7-04-003794-7:CNY17.10
    本书介绍了当前人类所面临的重大环境问题,以及环境生态学的研究对象、内容及目的,环境污染的生态对策、生态评价及大自然保护等问题。
●
相关链接 在E读中查询图书 在五车中查询图书 在当当中查询图书 在豆瓣中查询图书


正题名:环境生态学     索取号:X17/119         预约/预借

序号 登录号 条形码 馆藏地/架位号 状态 备注
1 0635425   206354256   第二样本阅览室/ [索取号:X17/119] 在馆    
2 0635426   206354265   密集书库/ [索取号:X17/119] 在馆    
3 0635427   206354274   密集书库/ [索取号:X17/119] 在馆    
4 0764488   207644888   密集书库/ [索取号:X17/119] 在馆    
5 0764566   207645663   密集书库/ [索取号:X17/119] 在馆    
唐山师范学院图书馆 欢迎您!
大连网信软件有限公司© 版权所有